Sports Quiz

Random Sports or World Quiz

ROH World Champions (updated 2017) Quiz Stats

 Plays Quiz not verified by Sporcle

Challenge
Share
Tweet
Embed
Score 0/28 Timer 05:00
0 Plays Today
Date Won Wrestler % Correct
23/06/17Cody
100%
15/12/17Dalton Castle
100%
10/03/17Christopher Daniels
98.1%
17/09/05Brian Danielson
96.3%
20/09/13Adam Cole
96.3%
19/08/16Adam Cole
96.3%
04/01/17Adam Cole
96.3%
22/03/03Samoa Joe
94.4%
19/06/15Jay Lethal
94.4%
18/06/05CM Punk
92.6%
13/02/10Tyler Black
90.7%
05/04/13Jay Briscoe
90.7%
06/09/14Jay Briscoe
90.7%
26/12/04Austin Aries
87%
Date Won Wrestler % Correct
13/06/09Austin Aries
87%
02/12/16Kyle O'Reilly
83.3%
27/07/02Low Ki
81.5%
12/05/12Kevin Steen
81.5%
11/09/10Roderick Strong
74.1%
22/06/14Michael Elgin
74.1%
21/09/02Xavier
72.2%
06/10/07Nigel McGuinness
70.4%
03/04/09Jerry Lynn
68.5%
19/03/11Eddie Edwards
68.5%
26/06/11Davey Richards
68.5%
12/08/05James Gibson
66.7%
23/12/06Homicide
64.8%
17/02/07Takeshi Morishima
63%

You're not logged in!

Compare scores with friends on all Sporcle quizzes.
Join for Free
OR
Log In

You Might Also Like...

Show Comments

Extras

Top Quizzes Today


Score Distribution

Your Account Isn't Verified!

In order to create a playlist on Sporcle, you need to verify the email address you used during registration. Go to your Sporcle Settings to finish the process.

Report this User

Report this user for behavior that violates our Community Guidelines.

Details: